Programa d'actes del Centenari : Institut del Teatre : 4 de Febrer de 2013 – 7 de Febrer de 2014 Institut del Teatre :
Descripción Física:
1 f. plegat en 2 parts : il. ; 42 x 30 plegat 15 x 21 cm
MARC
| LEADER | 00000nam a2200000Ia 4500 | ||
|---|---|---|---|
| 001 | 24047 | ||
| 008 | 160829s2013 xx 000 0 cat d | ||
| 080 | |a FU-64-17 | ||
| 245 | |a Programa d'actes del Centenari : |b Institut del Teatre : |b 4 de Febrer de 2013 – 7 de Febrer de 2014 | ||
| 260 | |a Barcelona : |b Diputació de Barcelona. Institut del Teatre, |c 2013 | ||
| 300 | |a 1 f. plegat en 2 parts : |b il. ; |c 42 x 30 plegat 15 x 21 cm | ||
| 590 | |a Possibilitat d’accedir al programa d’actes del Centenari en castellà i en anglès mitjançant un codi QR | ||
| 650 | 0 | |a Institut del Teatre |x Activitats culturals |9 50321 | |
| 710 | 1 | |a Institut del Teatre (Barcelona, Catalunya) |9 52662 | |
| 901 | |a Arxiu | ||
| 942 | |n 1 | ||
| 952 | |0 0 |1 0 |4 0 |6 FU6417 |7 1 |9 55958 |a Arxiu |b Arxiu |d 2016-12-01 |l 0 |o FU-64-17 |p 24047 |r 2016-12-01 00:00:00 |w 2016-12-01 |y ARXIU | ||
| 999 | |c 59831 |d 59831 | ||